|
|
|
|
| LEADER |
00000nas a2200000 a 4500 |
| 001 |
ssj0011953 |
| 003 |
WaSeSS |
| 005 |
20200512172242.0 |
| 006 |
m d |
| 007 |
cr n |
| 008 |
980209c19429999ncubr p s 0 a0eng c |
| 010 |
|
|
|a 2003215274
|
| 022 |
|
|
|a 1545-2786
|l 0003-0996
|y 0003-0996
|
| 035 |
|
|
|a (WaSeSS)ssj0011953
|
| 037 |
|
|
|b American Scientist, P.O. Box 13975, Research Triangle Park, NC 27709
|
| 040 |
|
|
|a FGA
|b eng
|c FGA
|d OCL
|d OCLCQ
|d NSD
|d OCLCQ
|d EEM
|d OCLCQ
|d OCLCE
|d EYM
|d OCL
|d OCLCQ
|d OCLCO
|d DLC
|d OCLCF
|d OCLCA
|d OCLCO
|d VT2
|d EUW
|d OCLCQ
|d OCLCO
|d OCLCQ
|d UME
|d OCLCO
|d OCLCA
|d BUF
|d AU@
|d OCLCO
|d WYU
|d U3W
|d UUM
|d WaSeSS
|
| 042 |
|
|
|a nsdp
|a pcc
|
| 050 |
1 |
4 |
|a Q11
|
| 082 |
1 |
0 |
|a 378
|2 13
|
| 130 |
0 |
|
|a American scientist (Online)
|
| 210 |
0 |
|
|a Am. sci.
|b (Online)
|
| 222 |
|
0 |
|a American scientist
|b (Online)
|
| 245 |
1 |
0 |
|a American scientist
|h [electronic resource].
|
| 260 |
|
|
|a New Haven, Conn. :
|b Society of the Sigma Xi,
|c 1942-
|
| 310 |
|
|
|a Bimonthly
|
| 362 |
0 |
|
|a Vol. 30, no. 2 (Apr. 1942)-
|
| 500 |
|
|
|a Title from PDF cover (JSTOR, viewed June 24, 2011).
|
| 500 |
|
|
|a Place of publication varies.
|
| 506 |
|
|
|a License restrictions may limit access.
|
| 550 |
|
|
|a Vols. for 1942-<Nov./Dec. 1972> issued by the Society of the Sigma Xi and the Scientific Research Society of America; <Jan./Feb. 1974-> by Sigma Xi, the Scientific Research Society of North America; <Nov./Dec. 1979-> by Sigma Xi, the Scientific Research Society.
|
| 588 |
|
|
|a Latest issue consulted: Vol. 93, no. 6 (Nov./Dec. 2005) (JSTOR, viewed June 24, 2011).
|
| 610 |
2 |
0 |
|a Society of the Sigma Xi
|v Periodicals.
|
| 610 |
2 |
0 |
|a Sigma Xi, the Scientific Research Society of North America
|v Periodicals.
|
| 610 |
2 |
7 |
|a Sigma Xi, the Scientific Research Society of North America.
|2 fast
|0 (OCoLC)fst00567858
|
| 610 |
2 |
7 |
|a Society of the Sigma Xi.
|2 fast
|0 (OCoLC)fst00569815
|
| 650 |
|
0 |
|a Greek letter societies
|v Periodicals.
|
| 650 |
|
6 |
|a Sciences
|v Périodiques.
|
| 650 |
|
6 |
|a Recherche
|v Périodiques.
|
| 650 |
|
6 |
|a Technologie
|v Périodiques.
|
| 650 |
|
7 |
|a Greek letter societies.
|2 fast
|0 (OCoLC)fst00947430
|
| 650 |
1 |
7 |
|a Natuurwetenschappen.
|2 gtt
|
| 650 |
|
2 |
|a Research
|v Periodicals.
|
| 650 |
|
2 |
|a Science
|v Periodicals.
|
| 655 |
|
0 |
|a Electronic journals.
|
| 710 |
2 |
|
|a Society of the Sigma Xi.
|
| 710 |
2 |
|
|a Scientific Research Society of America.
|
| 710 |
2 |
|
|a Sigma Xi, the Scientific Research Society of North America.
|
| 710 |
2 |
|
|a Sigma Xi, the Scientific Research Society.
|
| 776 |
0 |
8 |
|i Print version:
|t American scientist
|x 0003-0996
|w (DLC) 43020253
|w (OCoLC)1480717
|
| 780 |
0 |
0 |
|a Society of the Sigma Xi.
|t Sigma Xi quarterly
|x 2327-7548
|w (DLC) 2011250831
|w (OCoLC)571136622
|
| 856 |
4 |
0 |
|z Full text available from Research Library: 11/01/1995 to present
|u https://search.proquest.com/publication/40798
|